Gesammelte abhandlungen
Guardat en:
| Autor principal: | |
|---|---|
| Format: | Llibre |
| Idioma: | alemany |
| Publicat: |
Heidelberg
Carl Winter
1961
|
| Matèries: | |
| Etiquetes: |
Afegir etiqueta
Sense etiquetes, Sigues el primer a etiquetar aquest registre!
|
MARC
| LEADER | 00000nam a2200000 a 4500 | ||
|---|---|---|---|
| 001 | UCR2806 | ||
| 003 | CL-VaPUC | ||
| 008 | 980116e19610000GW |||||||||||||||||ger|d | ||
| 082 | 0 | 4 | |a 340.5409 |b PRI |2 21 |
| 100 | 0 | |a Pringsheim, Fritz |e author |9 401203 | |
| 245 | 1 | 0 | |a Gesammelte abhandlungen |
| 300 | |a 492 p | ||
| 942 | |c BK | ||
| 945 | |d 19980116 00:00:00 |a aolguin | ||
| 260 | |a Heidelberg |b Carl Winter |c 1961 | ||
| 650 | 0 | |a Derecho romano |9 255930 | |
| 650 | 0 | |a Historia |9 255047 | |
| 650 | 0 | |a Derecho justiniano |9 397596 | |
| 650 | 0 | |a Derecho griego |9 324043 | |
| 650 | 0 | |a Helenismo |9 267485 | |
| 650 | 0 | |a Codificación |9 258568 | |
| 650 | 0 | |a Ley aquiliana |9 398360 | |
| 583 | |a last modification |c 19980116 00:00:00 |k Rodrigo Vera | ||
| 999 | |c 265931 |d 265929 | ||
| 952 | |0 0 |1 0 |4 0 |6 340_540900000000000_PRI_1961 |7 0 |8 DER_ROM |9 297083 |a BIBDER |b BIBDER |d 2019-11-20 |i 1931067 |o 340.5409 PRI 1961 |p 1931067 |r 2023-01-25 |w 2019-11-20 |x Ubicación 4to piso |y BK |z Este recurso debe solicitarse con anticipación |k DER | ||
| 952 | |0 0 |1 0 |4 0 |6 340_540900000000000_PRI_1961 |7 0 |8 DER_ROM |9 297084 |a BIBDER |b BIBDER |d 2019-11-20 |h v.1 |i 1950045 |o 340.5409 PRI 1961 |p 1950045 |r 2023-01-25 |w 2019-11-20 |x Ubicación 4to piso |y BK |z Este recurso debe solicitarse con anticipación |k DER | ||